UBT Library

The Eye in infancy / (Record no. 39340)

000 -LEADER
fixed length control field 00602cam a2200229 a 4500
001 - CONTROL NUMBER
control field 548547
005 - DATE AND TIME OF LATEST TRANSACTION
control field 20171222073421.0
008 - FIXED-LENGTH DATA ELEMENTS--GENERAL INFORMATION
fixed length control field 880802s1989 ilua b 001 0 eng c
010 ## - LIBRARY OF CONGRESS CONTROL NUMBER
LC control number 88020868
020 ## - INTERNATIONAL STANDARD BOOK NUMBER
International Standard Book Number 0815148054
040 ## - CATALOGING SOURCE
Original cataloging agency DNLM/DLC
Transcribing agency DLC
Modifying agency DLC
041 ## - LANGUAGE CODE
Language code of text/sound track or separate title eng
060 ## - NATIONAL LIBRARY OF MEDICINE CALL NUMBER
Classification number WW 600 E975
080 ## - UNIVERSAL DECIMAL CLASSIFICATION NUMBER
Universal Decimal Classification number 618.920977 ISE
082 00 - DEWEY DECIMAL CLASSIFICATION NUMBER
Classification number 618.920977 ISE
Edition number 19
100 ## - Rafti
Rafti 8
101 ## - Shkurtesa
Shkurtesa OFT
245 04 - TITLE STATEMENT
Title The Eye in infancy /
Statement of responsibility, etc [edited by] Sherwin J. Isenberg.
504 ## - BIBLIOGRAPHY, ETC. NOTE
Bibliography, etc Includes bibliographies and index.
906 ## - LOCAL DATA ELEMENT F, LDF (RLIN)
a 7
b cbc
c orignew
d 1
e ocip
f 19
g y-gencatlg
942 ## - ADDED ENTRY ELEMENTS (KOHA)
Source of classification or shelving scheme
Item type Books

No items available.

UBT Library © 2015-2024. All rights reserved University Education for Business and Technology